Estadística de Educación Superior 1980 /

Gorde:
Xehetasun bibliografikoak
Erakunde egilea: Consejo Nacional de Rectores
Formatua: Texto
Argitaratua: San José, C.R: OPES
Gaiak:
Etiketak: Etiketa erantsi
Etiketarik gabe, Izan zaitez lehena erregistro honi etiketa jartzen!

MARC

LEADER 00000 a a2200000 04500
001 46173
003
040
020 |a 1409-2964  
090 |a REV0801 (07)1981  
110 |a Consejo Nacional de Rectores  
245 |a Estadística de Educación Superior 1980 /  |c Consejo Nacional de Rectores  
260 |a San José, C.R:   |b OPES  
650 |a EDUCACION SUPERIOR  
650 |a ESTADISTICA  
650 |a UNIVERSIDADES  
650 |a COSTA RICA  
773 |g número7 (1981)  
999 |c 29512  |d 29512